00991nam a22003137a 45000010005000000030009000050050017000140070005000310080036000360200015000720400022000870820015001091000015001242400035001392450120001742600038002943000027003324900015003595210033003747000034004077000022004418300015004639100008004789420012004869450028004989520116005269560020006429990015006620152DO-SdBNP20180222100253.00152151005b 2000 sp a 00| 0 spa d a8440697775 aBPMSUbspacBPMSU 4axxxxbxxxx1 aYoung, Jay14aThe amazing magic fact machine13aEl dedo mágico :bacierta la respuesta /cJay Young ; traductor María José Galilea ; ilustraciones Greg Adams aBarcelona :bEdiciones B, c2000. a30 p. :bil. ;c30 cm.1 aGrupo zeta aPara niños de 5 a 8 años12aGalilea, María José,etr.12aAdams, Greg,eil. 0aGrupo zeta a202 2ddccBK aInventariado, 2018 / BT 00102ddc40708CI-GaBPMETbBPMETd2016-03-09eFUNDIl0oxxxx xxxxpBPMSU16030021r2016-03-09w2016-03-09yBK aYngrid Lockward c9160d9160